000 00326nam a22001457a 4500
020 _a019562375-4
082 _a822
_bBEC/S
100 _aBECKETT, SAMUEL
245 _aWAITING FOR GODOT
260 _aINDIA
_bFABER AND FABER LIMITED
_c1999
300 _a144
520 _aENGLISH NOVEL
650 _aENGLISH NOVEL
942 _cBK
999 _c5659
_d5659